Možnosti využitia priestorovej autokorelácie v kontexte demogeografickej regionalizácie

Teoreticko-metodologická báza priestorovej autokorelácie ako jednej z variantných metód štúdia prírodných a spoločenských javov s následnou aplikáciou na vybraný demografický jav.

Enregistré dans:
Détails bibliographiques
Auteur principal: Grác, Róbert
Format: Chapitre de livre
Langue:slovaque
Sujets:
Tags: Ajouter un tag
Pas de tags, Soyez le premier à ajouter un tag!

MARC

LEADER 00000naa a2200000 4500
001 0168508
005 20231207084004.2
041 0 |a slo 
044 |a SK 
245 1 0 |a Možnosti využitia priestorovej autokorelácie v kontexte demogeografickej regionalizácie  |c Róbert Grác 
520 |a Teoreticko-metodologická báza priestorovej autokorelácie ako jednej z variantných metód štúdia prírodných a spoločenských javov s následnou aplikáciou na vybraný demografický jav. 
610 2 0 |a korelácia 
610 2 0 |a regionalizácia 
610 2 0 |a metódy štatistické 
610 2 0 |a štatistika 
100 1 |a Grác, Róbert